| 000 | 00825nam a22002297a 4500 | ||
|---|---|---|---|
| 005 | 20170124110037.0 | ||
| 010 | _aA-039926 | ||
| 020 |
_c00.00 _a852000065 |
||
| 035 | _aA-039926 | ||
| 037 | _bCen Lib/Ret | ||
| 040 |
_aDPL _bEN |
||
| 082 |
_a679.14353 _bMEN |
||
| 245 |
_aMen in space : _cedited by Eugene Rabinowitch [and] Richard S. Lewis _bthe impact on science, technology, and international cooperation / |
||
| 260 |
_aBucks _bMTP, Medical And Technical Publishing Co. Ltd _c1970 |
||
| 270 |
_aChiltern house, Oxford Road, Aylesbury _bBucks |
||
| 300 |
_axiv,204p. _c20cm(Hb) |
||
| 650 |
_aAstronautics--International cooperation _922931 |
||
| 650 |
_aHumanities _922932 |
||
| 700 |
_aRabinowitch, Eugene _922927 |
||
| 700 |
_aLewis, Richard S. _922928 |
||
| 942 |
_2ddc _cEN _h679.14353 _mMEN |
||
| 999 |
_c128284 _d128284 |
||